LIBRARY & INFORMATION CENTRE, KCAET, TAVANUR

ONLINE PUBLIC ACCESS CATALOGUE (OPAC)

No rosy haze / (Record no. 6880)

MARC details
000 -LEADER
fixed length control field 00398cam a2200157ua 4500
041 ## - LANGUAGE CODE
Language code of text/sound track or separate title eng
082 ## - DEWEY DECIMAL CLASSIFICATION NUMBER
Classification number 823.301
Item number ARD/NO
100 ## - MAIN ENTRY--AUTHOR NAME
Personal name Ardamatsky, Vasily .
245 ## - TITLE STATEMENT
Title No rosy haze /
250 ## - EDITION STATEMENT
Edition statement 1 /
260 ## - PUBLICATION, DISTRIBUTION, ETC. (IMPRINT)
Place of publication Moscow :
Name of publisher Foreign Language Publishing House ,
Year of publication 1986.
300 ## - PHYSICAL DESCRIPTION
Number of Pages 117 ; .
942 ## - ADDED ENTRY ELEMENTS (KOHA)
Koha item type Books
Holdings
Withdrawn status Lost status Damaged status Home library Current library Date acquired Full call number Accession Number Koha item type
Withdrawn     KAUAET Malayalam University 07/04/2012 823.301 9115 Books
free website counter